[Event "Monte Estoril op"]
[Site "Monte Estoril"]
[Date "2003.12.06"]
[Round "2"]
[White "Horta, Nuno"]
[Black "Figueiras, Jose Salvador A"]
[Result "0-1"]
[WhiteElo "1530"]
[BlackElo "1751"]
[PlyCount "98"]
[EventDate "2003.12.06"]
[EventType "swiss"]
[EventRounds "2"]
[EventCountry "POR"]
[SourceTitle "EXT 2005"]
[Source "ChessBase"]
[SourceDate "2004.11.15"]
[SourceVersion "1"]
[SourceVersionDate "2004.11.15"]
[SourceQuality "1"]

1. e4 c5 2. f4 d6 3. Nf3 Nc6 4. c3 Nf6 5. d3 e6 6. Be3 Qb6 7. b4 Ng4 8. Bg1 Be7 9. h3 Nf6 10. Nbd2 a6 11. Rb1 Qc7 12. a3 b5 13. Bh2 Bb7 14. Be2 cxb4 15. cxb4 Qb6 16. Bg1 Qd8 17. Be3 d5 18. e5 Nh5 19. 0-0 d4 20. Nxd4 Ng3 21. Nxc6 Bxc6 22. Re1 0-0 23. Bf3 Bd5 24. Bf2 Nf5 25. Ne4 Rc8 26. Bc5 Bxe4 27. dxe4 Bxc5+ 28. bxc5 Nd4 29. Rc1 Nxf3+ 30. Qxf3 Rc6 31. Qe3 Qe7 32. Red1 Rfc8 33. Rd6 g6 34. Rxc6 Rxc6 35. g4 Kg7 36. Kg2 h6 37. Kg3 Qc7 38. h4 a5 39. Qc3 Qa7 40. f5 gxf5 41. exf5 exf5 42. e6+ Kg8 43. gxf5 fxe6 44. Qf6 Qg7+ 45. Qxg7+ Kxg7 46. fxe6 Kf6 47. Kf4 Kxe6 48. Ke4 Rc8 49. Kd4 Rd8+ 0-1